000 00360pab a2200145 454500
008 180718b1983 xxu||||| |||| 00| 0 eng d
100 _aConstabulary, Cheshire
245 _aRecruit selection and the problem of wastage
260 _c1983
300 _a319-23
362 _aOct.-Dec.
650 _aPolice - U.K.
773 _aPolice Journal
909 _a15180
999 _c15180
_d15180